Normal view
MARC view
Entry Personal Name
001 - CONTROL NUMBER
- control field: 3145
003 - CONTROL NUMBER IDENTIFIER
- control field: OSt
005 - DATE AND TIME OF LATEST TRANSACTION
- control field: 20190307141654.0
008 - FIXED-LENGTH DATA ELEMENTS
- fixed length control field: 190307|| aca||aabn | a|a d
040 ## - CATALOGING SOURCE
- Original cataloging agency: OSt
- Transcribing agency: OSt
100 ## - HEADING--PERSONAL NAME
- Personal name: Bombay. Karur Vysya Bank
670 ## - SOURCE DATA FOUND
- Source citation: Work cat.: (OSt): Bombay. Karur Vysya Bank, Annual report, 2009-10, 2010
